[Event "XII Sabadell Open 2019"]
[Site "Sabadell"]
[Date "2019.09.04"]
[Round "3.13"]
[White "Fernandez Aguilar, Francisco"]
[Black "Prats Rodriguez, Juan Bosco"]
[Result "1-0"]
[WhiteElo "2040"]
[BlackElo "1936"]
[Annotator "NA"]
[PlyCount "135"]
[EventDate "2019.09.01"]
[EventCountry "ESP"]
[SourceTitle "playchess.com"]
[Source "ChessBase"]
[SourceQuality "1"]
[TimeControl "5400+30"]

1. Nf3 {[%emt 0:00:16]} d5 {[%emt 0:00:00]} 2. g3 {[%emt 0:00:00]} Nf6 {[%emt 0:00:00]} 3. Bg2 {[%emt 0:00:00]} Bf5 {[%emt 0:00:07]} 4. O-O {[%emt 0:00:00]} e6 {[%emt 0:00:04]} 5. c4 {[%emt 0:00:00]} c6 {[%emt 0:00:29]} 6. cxd5 {[%emt 0:00:00]} exd5 {[%emt 0:00:12]} 7. d3 {[%emt 0:04:37]} Be7 {[%emt 0:05:41]} 8. Qb3 {[%emt 0:00:00]} Na6 {[%emt 0:17:41]} 9. Qxb7 {[%emt 0:11:27]} Nc5 {[%emt 0:00:00]} 10. Qb4 {[%emt 0:11:05]} Nxd3 {[%emt 0:09:15]} 11. Qa4 {[%emt 0:10:36]} Nc5 {[%emt 0:00:00]} 12. Qd1 {[%emt 0:02:28]} O-O {[%emt 0:00:00]} 13. Nd4 {[%emt 0:03:25]} Bd7 {[%emt 0:01:23]} 14. Qc2 {[%emt 0:03:51]} Rc8 {[%emt 0:00:00]} 15. Nf5 {[%emt 0:00:33]} Nce4 {[%emt 0:00:00]} 16. Nxe7+ {[%emt 0:00:15]} Qxe7 {[%emt 0:09:32]} 17. Nc3 {[%emt 0:21:09]} Bf5 {[%emt 0:00:00]} 18. Nxe4 {[%emt 0:00:17]} Nxe4 {[%emt 0:00:00]} 19. Qa4 {[%emt 0:00:42]} Rfd8 {[%emt 0:14:25]} 20. Qa5 {[%emt 0:06:31]} Rb8 {[%emt 0:00:00]} 21. b3 {[%emt 0:06:53]} Rb5 {[%emt 0:00:00]} 22. Ba3 {[%emt 0:05:17]} Qd7 {[%emt 0:00:42]} 23. Qe1 {[%emt 0:03:49]} Qb7 {[%emt 0:05:31]} 24. f3 {[%emt 0:09:53]} Qb6+ {[%emt 0:09:01]} 25. Kh1 {[%emt 0:00:43]} Nc5 {[%emt 0:02:50]} 26. Qc3 {[%emt 0:06:11]} d4 {[%emt 0:00:39]} 27. Qd2 {[%emt 0:00:00]} Ne6 {[%emt 0:03:57]} 28. g4 {[%emt 0:00:00]} Bg6 {[%emt 0:00:17]} 29. f4 {[%emt 0:00:00]} f5 {[%emt 0:00:56]} 30. Qc2 {[%emt 0:04:33]} d3 {[%emt 0:05:16]} 31. exd3 {[%emt 0:00:00]} fxg4 {[%emt 0:00:16]} 32. Qxc6 {[%emt 0:01:24]} Bxd3 {[%emt 0:01:24]} 33. Rfe1 {[%emt 0:00:00]} Nf8 {[%emt 0:03:34]} 34. Qxb6 {[%emt 0:02:30]} Rxb6 {[%emt 0:02:52]} 35. Rad1 {[%emt 0:00:00]} Re6 {[%emt 0:01:29]} 36. Re5 {[%emt 0:00:00]} Rxe5 {[%emt 0:01:09]} 37. fxe5 {[%emt 0:00:00]} Ne6 {[%emt 0:00:42]} 38. Kg1 {[%emt 0:00:00]} Kf7 {[%emt 0:01:24]} 39. Bd6 {[%emt 0:00:00]} Be2 {[%emt 0:01:07]} 40. Rd2 {[%emt 0:00:00]} Nf4 {[%emt 0:01:30]} 41. Be4 {[%emt 0:00:00]} Bf3 {[%emt 0:02:23]} 42. Bxf3 {[%emt 0:00:00]} gxf3 {[%emt 0:00:07]} 43. Kf2 {[%emt 0:00:00]} Ng6 {[%emt 0:00:26]} 44. Rd4 {[%emt 0:00:00]} Rc8 {[%emt 0:01:12]} 45. Kxf3 {[%emt 0:00:00]} Rc2 {[%emt 0:00:48]} 46. Ra4 {[%emt 0:00:00]} Ke6 {[%emt 0:01:16]} 47. h4 {[%emt 0:00:00]} Nxe5+ {[%emt 0:00:37]} 48. Bxe5 {[%emt 0:00:00]} Kxe5 {[%emt 0:00:00]} 49. Rxa7 {[%emt 0:00:00]} h5 {[%emt 0:01:05]} 50. Rxg7 {[%emt 0:00:00]} Rxa2 {[%emt 0:00:44]} 51. Rg5+ {[%emt 0:00:00]} Kd6 {[%emt 0:00:49]} 52. Rxh5 {[%emt 0:00:00]} Ra3 {[%emt 0:00:30]} 53. Rb5 {[%emt 0:00:00]} Kc6 {[%emt 0:00:13]} 54. Rb4 {[%emt 0:00:00]} Kc5 {[%emt 0:00:38]} 55. Rc4+ {[%emt 0:00:00]} Kd5 {[%emt 0:00:07]} 56. Rc3 {[%emt 0:00:00]} Ke5 {[%emt 0:00:10]} 57. Re3+ {[%emt 0:00:00]} Kf5 {[%emt 0:00:08]} 58. b4 {[%emt 0:00:00]} Ra1 {[%emt 0:00:39]} 59. Rb3 {[%emt 0:00:00]} Rh1 {[%emt 0:00:21]} 60. Kg3 {[%emt 0:00:00]} Rg1+ {[%emt 0:00:18]} 61. Kh2 {[%emt 0:00:00]} Rg6 {[%emt 0:00:37]} 62. b5 {[%emt 0:00:00]} Rb6 {[%emt 0:00:04]} 63. Rb4 {[%emt 0:00:05]} Kg6 {[%emt 0:00:11]} 64. Kg3 {[%emt 0:00:13]} Kf5 {[%emt 0:00:30]} 65. Kf3 {[%emt 0:00:07]} Kg6 {[%emt 0:00:26]} 66. Ke4 {[%emt 0:00:26]} Kf6 {[%emt 0:00:12]} 67. Kd5 {[%emt 0:00:06]} Ke7 {[%emt 0:00:12]} 68. Kc5 {[%emt 0:00:14]} 1-0

[Event "XII Sabadell Open 2019"]
[Site "Sabadell"]
[Date "2019.09.04"]
[Round "3.14"]
[White "Ruiz Bravo, Alfonso"]
[Black "Bedoya Rosales, Luis"]
[Result "0-1"]
[WhiteElo "1947"]
[BlackElo "1918"]
[Annotator "NA"]
[PlyCount "80"]
[EventDate "2019.09.01"]
[EventCountry "ESP"]
[SourceTitle "playchess.com"]
[Source "ChessBase"]
[SourceQuality "1"]
[TimeControl "5400+30"]

1. e4 {[%emt 0:04:13]} c5 {[%emt 0:00:15]} 2. Nf3 {[%emt 0:00:17]} e6 {[%emt 0:00:14]} 3. d4 {[%emt 0:00:25]} cxd4 {[%emt 0:00:07]} 4. Nxd4 {[%emt 0:00:11]} Nc6 {[%emt 0:00:42]} 5. Be3 {[%emt 0:01:27]} Nf6 {[%emt 0:05:40]} 6. Nc3 {[%emt 0:01:17]} Qc7 {[%emt 0:01:46]} 7. a3 {[%emt 0:00:45]} a6 {[%emt 0:00:22]} 8. Be2 {[%emt 0:00:43]} Be7 {[%emt 0:03:32]} 9. O-O {[%emt 0:01:51]} O-O {[%emt 0:02:38]} 10. f4 {[%emt 0:03:11]} d6 {[%emt 0:00:25]} 11. Kh1 {[%emt 0:38:20]} Bd7 {[%emt 0:02:59]} 12. Qe1 {[%emt 0:08:38]} Rfe8 {[%emt 0:07:45]} 13. Qg3 {[%emt 0:04:19]} Bf8 {[%emt 0:05:26]} 14. Nf3 {[%emt 0:26:50]} d5 {[%emt 0:02:55]} 15. e5 {[%emt 0:05:40]} Ne4 {[%emt 0:01:01]} 16. Nxe4 {[%emt 0:00:19]} dxe4 {[%emt 0:00:26]} 17. Ng5 {[%emt 0:00:08]} Ne7 {[%emt 0:07:01]} 18. Qh3 {[%emt 0:07:32]} h6 {[%emt 0:00:44]} 19. Nxe4 {[%emt 0:03:26]} Qxc2 {[%emt 0:06:15]} 20. Nc5 {[%emt 0:03:58]} Qxe2 {[%emt 0:00:46]} 21. Nxd7 {[%emt 0:02:08]} Nf5 {[%emt 0:04:04]} 22. Rae1 {[%emt 0:01:12]} Qb5 {[%emt 0:02:44]} 23. Nxf8 {[%emt 0:00:59]} Rxf8 {[%emt 0:00:23]} 24. g4 {[%emt 0:03:05]} Nxe3 {[%emt 0:06:14]} 25. Qxe3 {[%emt 0:00:05]} Rac8 {[%emt 0:03:39]} 26. b4 {[%emt 0:04:48]} Qd5+ {[%emt 0:01:04]} 27. Kg1 {[%emt 0:03:13]} Rc2 {[%emt 0:00:11]} 28. Rf2 {[%emt 0:01:09]} Rfc8 {[%emt 0:00:26]} 29. Rxc2 {[%emt 0:01:07]} Rxc2 {[%emt 0:00:16]} 30. Re2 {[%emt 0:01:33]} Qd1+ {[%emt 0:01:26]} 31. Kf2 {[%emt 0:00:12]} Rxe2+ {[%emt 0:00:29]} 32. Qxe2 {[%emt 0:00:14]} Qh1 {[%emt 0:00:33]} 33. Ke3 {[%emt 0:00:48]} Qc1+ {[%emt 0:00:15]} 34. Ke4 {[%emt 0:00:39]} Qxa3 {[%emt 0:00:23]} 35. Qc4 {[%emt 0:00:21]} Qb2 {[%emt 0:00:56]} 36. Ke3 {[%emt 0:00:36]} Qxh2 {[%emt 0:00:29]} 37. Qc8+ {[%emt 0:00:20]} Kh7 {[%emt 0:00:03]} 38. Qxb7 {[%emt 0:00:28]} Qg3+ {[%emt 0:00:14]} 39. Kd4 {[%emt 0:00:26]} Qxf4+ {[%emt 0:00:25]} 40. Kd3 {[%emt 0:00:29]} Qxg4 {[%emt 0:00:37]} 0-1

[Event "XII Sabadell Open 2019"]
[Site "Sabadell"]
[Date "2019.09.04"]
[Round "3.15"]
[White "Abreu Flores, Daniel"]
[Black "Martinez Ferrer, Albert"]
[Result "1-0"]
[WhiteElo "1905"]
[BlackElo "1780"]
[Annotator "NA RC"]
[PlyCount "113"]
[EventDate "2019.09.01"]
[EventCountry "ESP"]
[SourceTitle "playchess.com"]
[Source "ChessBase"]
[SourceQuality "1"]
[TimeControl "5400+30"]

1. e4 {[%emt 0:00:12]} e5 {[%emt 0:00:24]} 2. Nf3 {[%emt 0:00:00]} Nc6 {[%emt 0:00:20]} 3. d4 {[%emt 0:02:59]} exd4 {[%emt 0:08:52]} 4. Nxd4 {[%emt 0:00:00]} Nxd4 {[%emt 0:03:42]} 5. Qxd4 {[%emt 0:00:00]} Qf6 {[%emt 0:00:53]} 6. e5 {[%emt 0:00:00]} Qb6 {[%emt 0:00:33]} 7. Qf4 {[%emt 0:00:00]} Qb4+ {[%emt 0:03:01]} 8. Nc3 {[%emt 0:00:00]} Qxf4 {[%emt 0:00:16]} 9. Bxf4 {[%emt 0:00:00]} Bb4 {[%emt 0:00:10]} 10. Bd2 {[%emt 0:01:04]} Bxc3 {[%emt 0:01:00]} 11. Bxc3 {[%emt 0:02:17]} Ne7 {[%emt 0:02:34]} 12. Bc4 {[%emt 0:10:56]} O-O {[%emt 0:00:29]} 13. O-O-O {[%emt 0:00:00]} Ng6 {[%emt 0:04:46]} 14. g3 {[%emt 0:00:00]} b6 {[%emt 0:10:46]} 15. Bd5 {[%emt 0:00:00]} Rb8 {[%emt 0:03:18]} 16. Rhe1 {[%emt 0:00:00]} Ba6 {[%emt 0:00:00]} 17. f4 {[%emt 0:02:22]} Rbd8 {[%emt 0:03:08]} 18. Bg2 {[%emt 0:00:00]} Bc4 {[%emt 0:00:34]} 19. Bh3 {[%emt 0:00:00]} Bb5 {[%emt 0:00:18]} 20. Rd2 {[%emt 0:03:17]} Rfe8 {[%emt 0:01:40]} 21. Red1 {[%emt 0:00:00]} Nf8 {[%emt 0:01:53]} 22. f5 {[%emt 0:10:45]} a5 {[%emt 0:05:37]} 23. Bg2 {[%emt 0:00:21]} h6 {[%emt 0:05:00]} 24. b3 {[%emt 0:01:10]} a4 {[%emt 0:00:37]} 25. Bb2 {[%emt 0:00:10]} axb3 {[%emt 0:01:48]} 26. axb3 {[%emt 0:02:13]} Rc8 {[%emt 0:09:54]} 27. c4 {[%emt 0:07:06]} Bc6 {[%emt 0:00:00]} 28. Bd5 {[%emt 0:11:49]} Ra8 {[%emt 0:03:30]} 29. g4 {[%emt 0:00:00]} Bxd5 {[%emt 0:05:55]} 30. Rxd5 {[%emt 0:01:13]} Re7 {[%emt 0:00:00]} 31. h4 {[%emt 0:01:39]} Ra7 {[%emt 0:04:35]} 32. Kb1 {[%emt 0:07:38]} Ra8 {[%emt 0:01:55]} 33. Rg1 {[%emt 0:00:00]} Ree8 {[%emt 0:05:29]} 34. h5 {[%emt 0:06:52]} Re7 {[%emt 0:05:58]} 35. g5 {[%emt 0:00:00]} hxg5 {[%emt 0:01:38]} 36. Rxg5 {[%emt 0:00:00]} g6 {[%emt 0:03:24]} 37. hxg6 {[%emt 0:00:00]} fxg6 {[%emt 0:00:06]} 38. Rd2 {[%emt 0:00:00]} Rh7 {[%emt 0:02:43]} 39. e6 {[%emt 0:04:34]} dxe6 {[%emt 0:00:00]} 40. fxg6 {[%emt 0:00:48]} Rh6 {[%emt 0:02:40]} 41. Rf2 {[%emt 0:02:04]} Nxg6 {[%emt 0:00:00]} 42. Rf6 {[%emt 0:01:02]} Kh7 {[%emt 0:00:00]} 43. Rf7+ {[%emt 0:00:08]} Kg8 {[%emt 0:00:17]} 44. Rg7+ {[%emt 0:00:10]} Kf8 {[%emt 0:00:09]} 45. R5xg6 {[%emt 0:00:28]} Rh1+ {[%emt 0:00:28]} 46. Rg1 {[%emt 0:00:51]} Rxg1+ {[%emt 0:00:30]} 47. Rxg1 {[%emt 0:00:02]} Ke7 {[%emt 0:00:20]} 48. Bc3 {[%emt 0:01:09]} Rf8 {[%emt 0:00:59]} 49. Be5 {[%emt 0:02:05]} c6 {[%emt 0:02:16]} 50. Rg7+ {[%emt 0:00:11]} Rf7 {[%emt 0:00:00]} 51. Rxf7+ {[%emt 0:04:17]} Kxf7 {[%emt 0:00:00]} 52. Kc2 {[%emt 0:00:15]} Ke7 {[%emt 0:00:49]} 53. b4 {[%emt 0:00:01]} b5 {[%emt 0:00:22]} 54. c5 {[%emt 0:01:04]} Kf7 {[%emt 0:00:16]} 55. Kd3 {[%emt 0:00:01]} Kg6 {[%emt 0:00:22]} 56. Ke4 {[%emt 0:00:01]} Kf7 {[%emt 0:00:43]} 57. Bc7 {[%emt 0:00:30]} 1-0

[Event "XII Sabadell Open 2019"]
[Site "Sabadell"]
[Date "2019.09.04"]
[Round "3.16"]
[White "Costa Trave, Jaume"]
[Black "Borrellas Comellas, Josep"]
[Result "0-1"]
[WhiteElo "1769"]
[BlackElo "1943"]
[Annotator "NA"]
[PlyCount "72"]
[EventDate "2019.09.01"]
[EventCountry "ESP"]
[SourceTitle "playchess.com"]
[Source "ChessBase"]
[SourceQuality "1"]
[TimeControl "5400+30"]

1. f4 {[%emt 0:00:54]} f5 {[%emt 0:00:46]} 2. e4 {[%emt 0:00:11]} d6 {[%emt 0:01:13]} 3. Nc3 {[%emt 0:00:37]} Nf6 {[%emt 0:00:28]} 4. d3 {[%emt 0:00:19]} Nc6 {[%emt 0:01:58]} 5. Nf3 e5 {[%emt 0:02:28]} 6. fxe5 {[%emt 0:00:17]} dxe5 {[%emt 0:00:49]} 7. Bg5 {[%emt 0:00:28]} Be7 {[%emt 0:01:57]} 8. Bxf6 {[%emt 0:01:13]} Bxf6 {[%emt 0:00:25]} 9. Qd2 {[%emt 0:02:25]} Be6 {[%emt 0:00:24]} 10. O-O-O {[%emt 0:00:26]} Nd4 {[%emt 0:01:02]} 11. Kb1 {[%emt 0:04:02]} Nxf3 {[%emt 0:03:59]} 12. gxf3 {[%emt 0:00:08]} f4 {[%emt 0:02:43]} 13. Rg1 {[%emt 0:00:12]} Qd7 {[%emt 0:01:46]} 14. Ne2 {[%emt 0:00:16]} c5 {[%emt 0:04:09]} 15. c4 {[%emt 0:00:36]} O-O-O {[%emt 0:02:03]} 16. Qc2 {[%emt 0:00:10]} Kb8 {[%emt 0:03:08]} 17. Nc1 {[%emt 0:06:32]} g5 {[%emt 0:01:13]} 18. Ne2 {[%emt 0:01:27]} h5 {[%emt 0:01:29]} 19. Nc3 {[%emt 0:04:28]} Rdg8 {[%emt 0:00:13]} 20. Nd5 {[%emt 0:02:18]} Bd8 {[%emt 0:00:38]} 21. Qf2 {[%emt 0:00:38]} Qd6 {[%emt 0:01:14]} 22. Be2 {[%emt 0:03:55]} g4 {[%emt 0:02:10]} 23. Rg2 {[%emt 0:00:02]} Rg7 {[%emt 0:03:25]} 24. Rh1 {[%emt 0:01:50]} Rhg8 {[%emt 0:00:30]} 25. Bd1 {[%emt 0:04:12]} g3 {[%emt 0:02:07]} 26. hxg3 {[%emt 0:00:22]} fxg3 {[%emt 0:01:42]} 27. Qg1 {[%emt 0:02:00]} h4 {[%emt 0:03:39]} 28. Rc2 {[%emt 0:01:01]} h3 {[%emt 0:00:49]} 29. b3 {[%emt 0:03:50]} g2 {[%emt 0:02:07]} 30. Rh2 {[%emt 0:00:37]} Bh4 {[%emt 0:01:23]} 31. a3 {[%emt 0:02:12]} Bg3 {[%emt 0:01:46]} 32. Rhxg2 {[%emt 0:00:42]} hxg2 {[%emt 0:00:14]} 33. Rxg2 {[%emt 0:00:03]} Bh2 {[%emt 0:00:44]} 34. Qxh2 {[%emt 0:01:13]} Rxg2 {[%emt 0:00:22]} 35. Qh7 {[%emt 0:00:24]} Bxd5 {[%emt 0:02:07]} 36. exd5 {[%emt 0:00:31]} Qg6 {[%emt 0:00:03]} 0-1

[Event "XII Sabadell Open 2019"]
[Site "Sabadell"]
[Date "2019.09.05"]
[Round "4.1"]
[White "Sturt, Raven"]
[Black "Diaz Camallonga, Carles"]
[Result "0-1"]
[WhiteElo "2478"]
[BlackElo "2440"]
[Annotator "TA"]
[PlyCount "94"]
[EventDate "2019.09.01"]
[EventCountry "ESP"]
[SourceTitle "playchess.com"]
[Source "ChessBase"]
[SourceQuality "1"]

{[%evp 10,94,30,19,10,5,13,0,0,7,8,-26,0,-30,-18,-35,-24,-19,0,-30,0,0,0,2,-3,-14,-34,-26,-6,-49,-43,-48,-45,-56,-55,-62,-59,-153,-169,-166,-150,-122,-82,-95,-45,-39,-38,-36,-43,-39,0,0,0,0,0,0,0,0,0,0,0,0,0,-6,0,-79,-75,-77,-78,-67,-97,-278,-293,-325,-335,-390,-384,-387,-383,-420,-415,-689,-678,-666,-662,-621,-597]} 1. c4 e6 2. Nc3 Bb4 3. Qb3 Nc6 4. Nf3 Nf6 5. a3 Bxc3 6. Qxc3 a5 {A17: English Opening: 1...Nf6 with ...Bb4} (6... d6 7. b4 e5 8. d3 O-O 9. Bb2 Re8 10. e3 a5 11. Be2 axb4 12. axb4 Rxa1+ 13. Bxa1 Bg4 14. b5 {½-½ (22) Iturrizaga Bonelli,E (2607)-Gonzalez Zamora,J (2561) Mexico City 2010}) 7. d3 a4 8. g3 d6 {The position is equal.} 9. Bg2 O-O 10. h3 $146 ({Predecessor:} 10. O-O e5 11. h3 Bd7 12. Nd2 Nd4 13. Re1 Bc6 14. e3 Bxg2 15. Kxg2 Nc6 16. d4 exd4 17. exd4 d5 18. c5 Re8 19. Rxe8+ Qxe8 20. Qe3 Na5 21. Rb1 {½-½ (21) Andreev,S (2228)-Pantev,V (2387) Plovdiv 2011}) 10... Bd7 11. e4 e5 12. Bg5 Qe7 13. O-O Rfb8 14. Rac1 h6 15. Be3 b6 16. Qc2 Na5 17. Nd2 c5 18. f4 Nc6 19. Rf2 Nd4 20. Qb1 Nh5 21. Nf1 b5 22. f5 bxc4 23. dxc4 (23. Rxc4 $15 Ra7 24. Qd1) 23... Rb3 $1 $17 24. Rc3 {[#]} Rab8 $1 {White must now prevent ...Rxc3.} 25. Qc1 Bc6 {aiming for ...Nf6.} 26. g4 {Strongly threatening Bxd4.} Nf4 (26... Nf6 {keeps more tension.} 27. Ng3 Qf8 28. g5 hxg5 29. Bxg5 Nh7) 27. Bxf4 exf4 28. Rxb3 Rxb3 29. Qxf4 Qe5 (29... Qf6 {feels hotter.} 30. Ng3 Rd3 31. Nh5 Qe5 32. Bf1 Rd1) 30. Qxe5 dxe5 31. Rd2 Rb8 32. Ne3 Nb3 33. Rd1 Nd4 $36 {[%mdl 2048] Black fights for an advantage.} 34. Rd2 Nb3 35. Rd6 Nd4 36. Nc2 Be8 37. Nxd4 (37. Ne3 $1 $11) 37... cxd4 $11 {[%mdl 4096] Endgame KRB-KRB} 38. c5 Rxb2 39. Bf1 Kf8 $1 40. f6 $2 {[#]} (40. h4 $17) 40... gxf6 $1 $19 41. Rxf6 Kg7 42. Ra6 {If only White now had time for c6....} Rc2 43. Ra5 Bc6 44. Ra6 Rxc5 45. h4 (45. Kf2 $142) 45... Rc1 {Black is clearly winning.} 46. Ra5 d3 {( -> ...d2)} 47. Kf2 d2 {Accuracy: White = 39%, Black = 61%.} 0-1

[Event "XII Sabadell Open 2019"]
[Site "Sabadell"]
[Date "2019.09.05"]
[Round "4.2"]
[White "Oliva Castaneda, Kevel"]
[Black "Harikrishnan.A.Ra"]
[Result "0-1"]
[WhiteElo "2470"]
[BlackElo "2422"]
[Annotator "TA"]
[PlyCount "202"]
[EventDate "2019.09.01"]
[EventCountry "ESP"]
[SourceTitle "playchess.com"]
[Source "ChessBase"]
[SourceQuality "1"]

{[%evp 17,202,39,68,27,41,35,44,41,54,47,53,51,72,68,60,42,45,51,58,52,49,48,50,49,49,51,44,44,59,68,79,49,68,43,83,81,75,47,68,73,68,61,60,53,64,57,107,17,21,7,41,0,38,0,15,23,20,20,22,20,20,0,0,2,30,12,22,6,18,6,32,38,66,57,66,55,129,24,128,24,12,0,0,0,0,0,0,0,0,0,0,0,0,0,0,0,0,0,0,0,0,0,0,0,0,0,0,0,0,0,0,0,0,0,0,0,0,0,0,0,0,0,0,0,0,0,0,0,0,0,0,0,0,0,0,0,0,0,0,0,0,0,0,-12840,-6135,-5163,-5214,-29968,-29970,-29970,-29970,-29960,-29959,-29979,-29980,-29980,-29981,-29981,-29982,-29982,-29983,-29984,-29985,-29985,-29986,-29986,-29987,-29987,-29986,-29986,-29987,-29988,-29988,-29989,-29990,-29990,-29991,-29991,-29992,-29992,-29993,-29995,-29996,-29997,-29998,-29998,-29999]} 1. d4 e6 2. e4 d5 3. Nd2 a6 4. Ngf3 c5 5. dxc5 Bxc5 6. Bd3 Nc6 7. O-O Nge7 8. exd5 exd5 9. Nb3 Bb6 10. h3 {C08: French Tarrasch: 3...c5 4 exd5 exd5 sidelines} h6 11. Re1 O-O 12. Be3 {White is slightly better.} Bc7 13. Bc5 Re8 14. c3 {[#]} Bd6 $146 ({Predecessor:} 14... Bd7 15. a4 Qc8 16. a5 Rb8 17. Nbd4 Nxd4 18. Nxd4 {1-0 (83) Demchenko,A (2660)-Kiriakov,P (2528) Arica 2017}) 15. Bxd6 Qxd6 16. Nbd4 Bd7 17. Bc2 Nxd4 18. Nxd4 Nc6 19. Qd3 {White wants to mate with Qh7+.} g6 20. Bb3 Na5 21. Nf3 Nxb3 22. axb3 Bf5 23. Qd2 Kh7 24. Red1 Rad8 25. Ra5 Qb6 26. b4 Be4 27. Nd4 g5 28. Re1 Qd6 29. Nb3 Qc7 30. Re3 Re5 31. Qd4 Rde8 32. Rc5 (32. Nd2 $16) 32... Qd6 $11 33. Na5 Qb8 34. Nb3 (34. f3 $5 {[%cal Rf3e4]}) 34... Qd6 {Strongly threatening ...b6.} 35. Ra5 Bc2 36. Nd2 {Threatens to win with Nc4!} Rxe3 37. fxe3 b5 38. Ra1 Bg6 39. Rf1 Qe6 40. Re1 Bc2 41. Re2 Re7 42. Qc5 Bd3 43. Re1 Re8 44. Nb3 Bc4 45. Nd4 Qe5 46. Qc6 Qg3 {[#]} ({Better is} 46... Bd3 $14) 47. Qxe8 ({White has to play} 47. Qxh6+ $1 $16 {[%mdl 512]} Kxh6 48. Nf5+ {[%mdl 64] Double Attack} Kg6 49. Nxg3) 47... Qxe1+ 48. Kh2 Qf2 {aiming for ...Bf1.} 49. Qe5 {Black must now prevent Nf5.} Bd3 $1 50. Qxd5 Bg6 51. Qf3 Qxb2 52. e4 Qd2 53. e5 Qe1 54. Qf6 Qxc3 55. Nf5 Bxf5 $1 56. Qxf7+ Kh8 57. Qf8+ Kh7 58. Qxf5+ {[%mdl 4096] Endgame KQ-KQ} Kg7 59. Qf6+ Kh7 60. Qf7+ Kh8 61. Qf8+ Kh7 62. Qe7+ Kg6 63. Qf6+ Kh7 64. Qd6 Kg7 65. Qe7+ Kg6 66. Qe6+ Kg7 67. Qd6 Qb2 68. Qf6+ Kh7 69. Qe7+ Kg6 70. Qd6+ Kg7 71. Qc7+ Kg6 72. Qc6+ Kg7 73. Qb7+ Kf8 74. Qb8+ Kf7 75. Qa7+ Kf8 76. Qc5+ Kf7 77. Qd5+ Kg7 78. Qe4 Qf2 79. Qb7+ (79. h4 {seems wilder.} Qf7 80. hxg5 hxg5 81. Kg3 Qe6 82. Kf2) 79... Qf7 80. Qxf7+ $4 {[%mdl 8192]} (80. Qe4 $11) 80... Kxf7 {KP-KP} 81. Kg3 Ke6 82. h4 Kxe5 {Black mates.} 83. hxg5 hxg5 {K3P-KPP} 84. Kg4 Kd5 85. Kxg5 {[#]} a5 $1 {[%mdl 512]} 86. bxa5 {[#] KPP-KP} b4 $1 {[%cal Rb4b3]} 87. a6 Kc6 88. a7 Kb7 89. Kf6 b3 90. g4 b2 91. g5 b1=Q 92. g6 Qb3 93. Kg7 Kxa7 94. Kh8 Qh3+ 95. Kg8 Kb7 96. g7 Kc7 97. Kf8 Qf5+ 98. Ke7 Qg6 99. Kf8 Qf6+ 100. Ke8 Kd6 {[%csl Gd6][%cal Rf6e7]} 101. g8=N Qg7 {Accuracy: White = 53%, Black = 69%.} 0-1

[Event "XII Sabadell Open 2019"]
[Site "Sabadell"]
[Date "2019.09.05"]
[Round "4.3"]
[White "Umetsubo, Cesar Hidemitsu"]
[Black "Valdes Romero, Leonardo"]
[Result "1-0"]
[WhiteElo "2403"]
[BlackElo "2399"]
[Annotator "TA"]
[PlyCount "109"]
[EventDate "2019.09.01"]
[EventCountry "ESP"]
[SourceTitle "playchess.com"]
[Source "ChessBase"]
[SourceQuality "1"]

{[%evp 16,109,35,29,50,16,26,8,8,3,8,12,22,32,38,0,14,5,22,-15,-18,-32,-14,-48,-45,-70,-76,-52,-22,-75,-76,-81,-50,-51,-39,-39,-35,-44,-31,-43,-28,-73,-68,-63,-55,-89,-55,-53,-63,-60,-38,-61,-48,-106,-106,-128,-30,-112,-54,-112,-112,-112,-110,-110,0,-112,-63,-66,0,0,0,0,152,164,241,224,448,450,435,427,683,682,653,602,760,737,1112,881,1837,1779,1651,1534,1666,1512,1347,1314]} 1. e4 d6 2. d4 Nf6 3. Nc3 g6 4. Nf3 Bg7 5. Be2 O-O 6. O-O c6 7. h3 Nbd7 8. Re1 Qc7 9. a4 b6 {B08: Pirc Defence: Classical System} (9... a5 10. Bc4 d5 11. exd5 Nb6 12. Qe2 Nfxd5 13. Bxd5 Nxd5 14. Nxd5 cxd5 15. Qxe7 Qxc2 16. b4 Bf5 17. bxa5 Rxa5 18. Qxb7 Rxa4 19. Rxa4 Qxa4 20. Qxd5 {½-½ (62) Petrik,T (2534)-Laznicka,V (2674) Czechia 2013}) 10. Bf1 e5 11. Bg5 a6 {The position is equal.} 12. Qd2 Bb7 13. Rad1 Rfe8 14. dxe5 $146 ({Predecessor:} 14. Bh6 Rad8 15. Bxg7 Kxg7 16. Qc1 exd4 17. Nxd4 {½-½ (26) Zidek,V (2204)-Karlik,V (2306) Czechia 2013}) 14... dxe5 15. Qd6 Rac8 16. Qxc7 Rxc7 17. Rd6 Bf8 18. Rd3 Kg7 19. Red1 Nc5 20. Rd8 Rxd8 21. Rxd8 Ne6 22. Bxf6+ (22. Rxf8 $11 Nxf8 23. Nxe5) 22... Kxf6 $17 23. Rd1 Bc5 (23... b5 {feels hotter.} 24. g4 h6 25. h4 Bb4 26. Na2 Be7) 24. Ne2 Ng5 25. Nxg5 Kxg5 26. Nc1 Kf6 27. Nd3 Bf8 28. c4 Rd7 29. b3 a5 30. f3 Rd4 31. Be2 Ke6 32. Kf1 c5 33. Nf2 f5 34. Rxd4 (34. exf5+ $1 $15 gxf5 35. g4) 34... cxd4 $15 {[%mdl 4096] Endgame KBB-KBN} 35. Bd3 h5 (35... f4 $17 36. Be2 h5) 36. g3 (36. exf5+ $1 $11 {remains equal.} gxf5 37. g4) 36... Bh6 ({Better is} 36... Kf6 $17) 37. Ke2 (37. exf5+ $1 $15 gxf5 38. g4) 37... Be3 38. Nd1 Bc1 39. Nf2 Be3 40. Nd1 $1 f4 41. g4 $1 Kf6 {[#]} ({Black should try} 41... Kd6 $15) 42. c5 $1 $11 {[%mdl 512]} bxc5 43. Nb2 Bc1 $2 (43... Kg5 $1 $11 44. Nc4 {[%mdl 64] Double Attack} Kh4 45. Nxa5 Bc8) 44. Nc4 $16 hxg4 (44... Bc8 {was necessary.} 45. Nxa5 Bb2) 45. hxg4 $18 Ke6 $2 {[#]} (45... Bc8 46. Nxa5 Ba3) 46. Nxa5 {White is clearly winning.} Bc8 47. Bb5 Ba3 (47... Ke7 $142 48. Nc4 Be6 49. Nxe5 Kd6) 48. Nc4 Bb4 49. g5 Bb7 50. a5 {[%cal Ba4a5,Ba5a6,Ba6a7][%mdl 32]} Bc8 51. a6 Bc3 52. a7 Bb7 53. Be8 d3+ 54. Kxd3 Be1 55. Bxg6 {[%mdl 64] Decoy. Accuracy: White = 53%, Black = 36%.} 1-0